| 000 | 00410nam a2200157Ia 4500 | ||
|---|---|---|---|
| 008 | 230711s9999||||xx |||||||||||||| ||und|| | ||
| 020 | _a978-87535-64-72-45 | ||
| 041 | _aENG | ||
| 082 |
_a720 _bZH-L |
||
| 100 | _aZhanxing,Yan | ||
| 245 | 0 | _aLandscape of international style | |
| 260 |
_c2011 _aHong Kong _bTang Art Design & Information Group Limited |
||
| 300 | _a630 | ||
| 650 | _aArchitecture | ||
| 942 | _cBK | ||
| 999 |
_c5697 _d5697 |
||